|
|
|
|
| LEADER |
00983nam a22002537a 4500 |
| 001 |
43569 |
| 003 |
BD-DhAAL |
| 005 |
20241022151910.0 |
| 008 |
241022t2012 bg ||||| |||| 00| 0 ben d |
| 020 |
|
|
|a 9879849018035
|
| 040 |
|
|
|a BD-DhAAL
|c BD-DhAAL
|
| 082 |
|
|
|a 891.443
|
| 100 |
|
|
|a আশরাফ, কাজী.
|9 18858
|
| 245 |
|
|
|a সুবাসিত প্রেম /
|c কাজী আশরাফ.
|
| 246 |
|
|
|a Subasito prem
|
| 260 |
|
|
|a ঢাকা :
|b ছায়াবীথি প্রকাশনী,
|c ২০১২.
|
| 300 |
|
|
|a ৯৫ পৃষ্ঠা ;
|c ২২ সে.মি.
|
| 541 |
|
|
|a Savar Campus Library
|e 43569
|
| 650 |
|
|
|a Short stories, Bengali.
|
| 650 |
|
|
|a Bengali literature.
|
| 852 |
|
|
|a Ayesha Abed Library
|
| 942 |
|
|
|2 ddc
|c BK
|
| 999 |
|
|
|c 47050
|d 47050
|
| 952 |
|
|
|0 0
|1 0
|2 ddc
|4 0
|6 891_443000000000000_ASR
|7 0
|9 76739
|a SCL
|b SCL
|c GEN
|d 2024-10-22
|e Savar Campus Library
|g 200.00
|l 0
|o 891.443 ASR
|p 3020043569
|r 2024-10-22
|w 2024-10-22
|y BK
|x Savar Campus Library
|